[Event "IECC KO email"]
[Site "IECC email"]
[Date "2002.04.08"]
[Round "?"]
[White "Sevestre, Frederic"]
[Black "Dunphy, Patrick"]
[Result "1-0"]
[WhiteElo "1150"]
[BlackElo "1059"]
[PlyCount "65"]
[EventDate "2002.??.??"]
[EventType "tourn (corr)"]
[EventRounds "6"]
[SourceTitle "Corr 2008"]
[Source "ChessBase"]
[SourceDate "2008.06.24"]
[SourceVersion "1"]
[SourceVersionDate "2008.06.24"]
[SourceQuality "1"]

1. d4 d5 2. c4 c6 3. Nf3 Nf6 4. Nc3 g6 5. Bg5 dxc4 6. a4 Bg7 7. e3 Be6 8. Ne5 Nd5 9. Nxc4 Nxc3 10. bxc3 c5 11. Rb1 Bd5 12. Nd2 cxd4 13. cxd4 f6 14. Bh4 0-0 15. Bc4 Bxc4 16. Nxc4 Qd5 17. Qb3 Rc8 18. Nd2 Qxb3 19. Nxb3 Nd7 20. Ke2 Rc2+ 21. Kd3 Rc7 22. Rhc1 Rac8 23. Rxc7 Rxc7 24. a5 e5 25. d5 Bf8 26. f3 Bb4 27. Be1 Bxe1 28. Rxe1 Nc5+ 29. Kc3 Ne4+ 30. Kb4 Nd6 31. Rc1 Rxc1 32. Nxc1 Nf5 33. e4 1-0

[Event "IECC CL8-2002.05"]
[Site "IECC email"]
[Date "2002.04.07"]
[Round "?"]
[White "Mitchell, TT."]
[Black "Dunphy, Patrick"]
[Result "0-1"]
[WhiteElo "864"]
[BlackElo "1051"]
[PlyCount "64"]
[EventDate "2002.??.??"]
[EventType "tourn (corr)"]
[EventRounds "4"]
[SourceTitle "Corr 2008"]
[Source "ChessBase"]
[SourceDate "2008.06.24"]
[SourceVersion "1"]
[SourceVersionDate "2008.06.24"]
[SourceQuality "1"]

1. e4 e5 2. c4 d5 3. cxd5 Nf6 4. Bb5+ c6 5. Bd3 cxd5 6. Bb5+ Bd7 7. Bxd7+ Qxd7 8. exd5 Qxd5 9. Nf3 Qe4+ 10. Kf1 Nc6 11. Nc3 Qd3+ 12. Ne2 Bc5 13. Qb3 Qxb3 14. axb3 0-0 15. d3 Rad8 16. Be3 Bxe3 17. Rd1 Bd4 18. Nfxd4 Nxd4 19. Nxd4 Rxd4 20. f3 Rfd8 21. Ke2 g5 22. h3 Nh5 23. Rhe1 Nf4+ 24. Kf1 Nxd3 25. Re4 Rxe4 26. fxe4 Rd4 27. g4 Nxb2 28. Rxd4 exd4 29. Ke2 a5 30. Kd2 b5 31. Kc2 a4 32. Kxb2 d3 0-1